| 000 | 00601nam a2200241Ia 4500 | ||
|---|---|---|---|
| 003 | OSt | ||
| 005 | 20221005125940.0 | ||
| 006 | a|||||r|||| 00| 0 | ||
| 007 | ta | ||
| 008 | 221004b |||||||| |||| 00| 0 eng d | ||
| 024 | _a45839 | ||
| 037 | _cTextual | ||
| 040 |
_aCRL _cCRL _beng |
||
| 041 |
_2eng _aeng |
||
| 082 | _a2:51, J7 | ||
| 100 |
_aRanganthan S.R. _992715 |
||
| 245 | 0 | _aProlegomena to library classification | |
| 260 | _c1957 | ||
| 300 |
_a487p. _ccm. |
||
| 650 | _aLIBRARY SCIENCE | ||
| 942 |
_h2:51, J7 _cTEXL _2cc |
||
| 999 |
_c1055600 _d1055600 |
||